000 00907nam a2200181 i 4500
001 189400
003 ES-MaACL
005 20230906223450.0
008 190530s1878 sp |||| | fre d
100 1 _aPiquet, Alfonso.
_9131180
245 1 0 _aNote sur les plans et échantillons minéralogiques et paléontologiques exposés /
_cpar Alphonse Piquet.
260 _aMadrid :
_b[s.n.],
_c1878 (
_fImp. y fund. de la Viuda e Hijos de J. A. García)
300 _a23 p. ;
_c23 cm.
594 _aPrecede al tít.: Exposition Universelle de Paris de 1878.
610 2 4 _aMinas del Horcajo (Ciudad Real)
_9134685
711 2 _aExposition Universelle (
_d1878.
_cParis)
_9135143
852 _aES-MaACL
_jB-8927(11)
_z.-- Legado de Federico de Botella y de Hornos
_z.- Encuadernado en un vol. facticio agrupado con el nombre en el lomo: España, geología, memorias y documentos varios 41 al 56
_z.- Ded. ms. del autor
999 _c189400
_d189400